000
00287nam a2200133Ia 4500
008
230312s9999||||xx |||||||||||||| ||und||
082
_a
330.954
_b
IQB-E
100
_a
Iqbal;Irfan
245
0
_a
Economics Of Pakistan
260
_a
PK
300
_a
325
650
_a
Economics
942
_c
BK
999
_c
4208
_d
4208